000 00699nam a22002177a 4500
003 0
005 20251021124418.0
008 251021b xxu||||| |||| 00| 0 eng d
020 _a979-8-89161-701-8
050 _aQA 76.9
_b.B46 2025
100 _aBennett, Elijah,
_eauthor.
245 _aArtificial intelligence in cybersecurity /
_cElijah Bennett.
260 _aJersey City, USA :
_bAlexis Press,
_c2025.
300 _ax, 325 pages :
_billustrations ;
_c27 cm.
504 _aIncludes bibliographical references and index.
650 _aArtificial intelligence.
650 _aCybersecurity.
650 _aComputer security.
650 _aData protection
_xComputer programs.
942 _2lcc
_cBK
999 _c368314
_d368314